[Event "Minsk Kupreichik Memorial rapid"]
[Site "Minsk"]
[Date "2019.08.17"]
[Round "8"]
[White "Ustiugov, Boris"]
[Black "Masjuk, Vladimir"]
[Result "0-1"]
[WhiteElo "1567"]
[BlackElo "1900"]
[PlyCount "92"]
[EventDate "2019.08.15"]
[EventType "swiss (rapid)"]
[EventRounds "10"]
[EventCountry "BLR"]
[SourceTitle "CBM 191 Extra"]
[Source "ChessBase"]
[SourceDate "2019.09.30"]
[SourceVersion "1"]
[SourceVersionDate "2019.09.30"]
[SourceQuality "1"]

1. d4 d6 2. Nf3 Nf6 3. c4 Bf5 4. Nc3 Nbd7 5. Bg5 h6 6. Bh4 e5 7. e4 Bg4 8. Bxf6 gxf6 9. Be2 Be7 10. h3 Bh5 11. g4 Bg6 12. Qd2 c6 13. 0-0-0 Qa5 14. Nh4 0-0-0 15. Nf5 Bf8 16. Qc2 Bxf5 17. gxf5 Nb6 18. Kb1 h5 19. Rhg1 Kb8 20. Rg3 h4 21. Rg2 Bh6 22. b3 Bf4 23. d5 Bg5 24. Qb2 cxd5 25. exd5 Qc5 26. Ne4 Qc8 27. Nxg5 fxg5 28. Qc2 f6 29. Qe4 Nd7 30. b4 Qc7 31. Rc1 Qb6 32. a3 Rc8 33. Ka2 a6 34. Qe3 Qd8 35. Rc3 Rc7 36. Rg1 Qe7 37. Rgc1 Rhc8 38. Kb2 e4 39. Bd3 Ne5 40. Be2 Re8 41. c5 dxc5 42. bxc5 Qd8 43. Rb3 Qxd5 44. Bxa6 Ka8 45. a4 bxa6 46. Qc3 Nd3+ 0-1

[Event "Minsk Kupreichik Memorial op"]
[Site "Minsk"]
[Date "2018.06.23"]
[Round "10"]
[White "Masjuk, Vladimir"]
[Black "Halouchyts, Karalina"]
[Result "1-0"]
[WhiteElo "1916"]
[BlackElo "1602"]
[PlyCount "67"]
[EventDate "2018.06.21"]
[EventType "swiss (rapid)"]
[EventRounds "11"]
[EventCountry "BLR"]
[SourceTitle "CBM 185 Extra"]
[Source "ChessBase"]
[SourceDate "2018.07.29"]
[SourceVersion "1"]
[SourceVersionDate "2018.07.29"]
[SourceQuality "1"]

1. e4 c6 2. d4 d5 3. exd5 cxd5 4. c4 Nf6 5. Nc3 Nc6 6. Nf3 Bg4 7. Be2 e6 8. 0-0 Be7 9. c5 0-0 10. a3 b6 11. b4 Nb8 12. h3 Bxf3 13. Bxf3 Qd7 14. Bf4 Rc8 15. Re1 bxc5 16. dxc5 Qb7 17. Qd3 a5 18. Rab1 axb4 19. axb4 Na6 20. Nb5 Nd7 21. Bd6 Bf6 22. Be2 Bg5 23. Rb3 Ndb8 24. Bxb8 Rcxb8 25. Reb1 Qd7 26. Nd4 e5 27. Qf5 Qxf5 28. Nxf5 g6 29. Nd6 Be7 30. Nb5 d4 31. Bc4 Rc8 32. Ra3 Nxb4 33. Rxa8 Rxa8 34. Rxb4 1-0